000 01345nam a2200385 i 4500
001 1483
003 KOSZ 005
005 20200630132815.0
008 000320s1980 pl a f |000 0 pol d
015 _aPB 1980/10129
020 _a830102044X
035 _a(OCoLC)749492221
040 _aWA N
_cWA N
_dKOSZ 005/EC
041 0 _apol
046 _k1980
080 _a624.13
080 _a(075.8)
100 1 _aKostrzewski, Włodzimierz.
_eAutor
245 1 0 _aMechanika gruntów :
_bparametry geotechniczne gruntów budowlanych oraz metody ich wyznaczania : [skrypt dla studentów wyższych szkół technicznych] /
_cWłodzimierz Kostrzewski.
260 _aWarszawa ;
_aŁódź :
_bPańst. Wydaw. Naukowe,
_c1980
_e(Łódź :
_fZGWN).
300 _a284 s. :
_bil. tab. wykr. ;
_c24 cm.
380 _aKsiążki
388 _a1901-2000
388 _a1945-1989
504 _aBibliogr. oraz wykaz norm s. 282-284.
658 _aInżynieria i technika
655 4 _aPodręczniki akademickie
650 4 _aMechanika
650 4 _aGeologia inżynierska
650 4 _aMechanika gruntów
650 4 _aFundamenty
710 2 _aPaństwowe Wydawnictwo Naukowe
_4pbl.
856 _uhttp://koha.tu.koszalin.pl/cgi-bin/koha/opac-detail.pl?biblionumber=1483
_yKatalog online BPK
942 _2UKD
_cKS
999 _c1483
_d1483